000 01515cam a22004577a 4500
001 1780
003 FISKH
005 20230929085656.0
008 120918r20121998nyua j 001 1 eng d
010 _a 2012418504
020 _a9780756692940
020 _a0756692946
020 _a9780756692957 (pbk.)
020 _a0756692954 (pbk.)
035 _a(OCoLC)ocn795756243
040 _aSRC
_cSRC
_dWL8
_dOCLCO
_dIEP
_dUPZ
_dDLC
_beng
042 _alccopycat
050 0 0 _aPZ7.W15397
_bSu 2012
082 0 4 _a636.7/07
_223
100 1 _aWalker-Hodge, Judith.
245 1 0 _aSurprise puppy! /
_cwritten by Judith Walker-Hodge.
260 _aNew York :
_bDK,
_c2012.
300 _a32 pages :
_bcolor illustrations ;
_c24 cm.
490 0 _aDK readers. 1, beginning to read
500 _aReprint. Originally published: 1998.
505 _aJ
520 _aDescribes what is involved when a puppy comes to stay with a family.
521 8 _a490
_bLexile
521 8 _aJ
_bRaz-Plus
650 0 _aPuppies
_vJuvenile fiction.
650 0 _aDogs
_vJuvenile fiction.
650 0 _aPets
_vJuvenile fiction.
650 0 _aDogs.
650 0 _aPets.
650 1 _aDogs
_vFiction.
650 1 _aPets
_vFiction.
856 4 2 _3Publisher description
_uhttp://www.loc.gov/catdir/enhancements/fy1304/2012418504-d.html
906 _a7
_bcbc
_ccopycat
_d2
_encip
_f20
_gy-gencatlg
942 _2ddc
_cBK
_n0
999 _c1780
_d1780